000 01369nam a2200433 c 4500
001 14837
003 ES-MaCES
005 20150929135443.0
008 030414s2002 sp t 000 | spa d
017 _aNA 2952-2002
_bDL
020 _a8484690628
035 _aCES20030004240m
040 _aES-MaCES
_bspa
_cES-MaCES
100 1 _aElósegui Itxaso, María
_911249
245 1 0 _aDiez temas de género
_b: hombre y mujer ante los derechos productivos y reproductivos
_cM.ª Elósegui Itxaso
250 _a1ª ed
260 _aMadrid
_bEdiciones Internacionales Universitarias
_c2002
300 _a293 p.
_c22 cm
490 1 _a10 temas
_v7
504 _aBibliografía: p. 265-287
541 _cCompra
650 4 _adiscriminación por razones de sexo
_929521
650 4 _aorientación sexual
_930741
650 4 _amujeres
_928657
650 4 _atrabajadora
_928413
650 4 _aigualdad de oportunidades
_927183
650 4 _aderechos de la mujer
_927173
650 4 _aigualdad de oportunidades en el empleo
_930649
650 4 _areproducción
_928650
650 4 _apapel de la ONU
_929145
650 4 _aderecho comunitario
_929866
650 4 _aEspaña
_926964
653 1 0 _aMujer
650 4 _926752
_aUE
830 0 _a10 temas
_v7
_933851
902 _aLIB Libro
942 _2CES
_cBK
_h3.3.
999 _c14837
_d14837